• 首页
  • 本馆介绍
  • 公告通知
  • 最新文献
  • 馆藏检索
  • 电子资源
  • 读者导购
  • 参考咨询
  • 我的图书馆
  • 登录
  • 详细信息显示
  • 放入我的书架
  • 预约/预借图书
  • 作者相关作品
  • 分类相关作品
  • 丛书相关作品
  • 出版社相关作品

书目信息

  • 表格格式
  • 工作单格式
  • 卡片格式
题名:
压气机
    
 
作者: 薛宗柏 编著
分册:  
出版信息: 上海   上海科学技术出版社  1956
页数: 280页
开本: 21cm
丛书名:
单 册:
中图分类: TM45
科图分类:
主题词: 压缩机
电子资源:
ISBN: 15119.195
000 00636cam0 2200241 450
001 0105407535
005 20060929110215.0
010    @a15119.195@dCNY1.50
091    @a15119.195@dCNY1.50
100    @a19961202d1956 em y0chiy0110 ea
101 0  @achi
102    @aCN@b310000
105    @ay z 000yy
106    @ar
200 1  @a压气机@9Ya Qi Ji @e原理·计算·构造·应用@f薛宗柏编著@b专著
205    @a新1版
210    @a上海@c上海科学技术出版社@d1956
215    @a280页@c图;表@d21cm
606 0  @a压缩机
690    @aTM45@v3
701  0 @a薛宗柏@9xue zong bai@4编著
801  0 @aCN@bAiZhiMarc
905    @aBZT@dTM45@e1@f1@sTM45/1
    
    压气机:原理·计算·构造·应用/薛宗柏编著.-新1版.-上海:上海科学技术出版社,1956
    280页:图;表;21cm
    
    
    ISBN 15119.195:CNY1.50
    
●
相关链接 在五车中查询图书 在当当中查询图书 在豆瓣中查询图书


正题名:压气机     索取号:TM45/1         预约/预借

序号 登录号 条形码 馆藏地/架位号 状态 备注
1 2000078130   2000078130   旧书回溯/ [索取号:TM45/1] 在馆    
山东省滨州职业学院图书馆 欢迎您!
大连网信软件有限公司© 版权所有